Olomouc /

Bibliographic Details
Main Author: Gribovský, Antonín
Other Authors: Skácel, Jan (Compiler)
Format: Book
Language:Czech
Language Notes:List of illustrations also in German, English and French.
Published: Ostrava : Profil, 1968]
Edition:[1. vyd.
Subjects:

MARC

Tag First Indicator Second Indicator Subfields
LEADER 00000cam a2200000 4500
001 in00002069021
005 20151102051841.0
008 990321s1968 xr a 000 0 cze c
035 |a (OCoLC)ocm41009697 
040 |a CGU  |c CGU  |d OCLCQ  |d TXA  |d UtOrBLW 
042 |a pcc 
043 |a e-xr--- 
049 |a TXAM 
050 4 |a DB879.O4  |b G7 
050 4 |a DB2650.O46  |b G75 1968 
100 1 |a Gribovský, Antonín. 
245 1 0 |a Olomouc /  |c [Fot.] Antonín Gribovsky. [Text] Jan Skácel. 
250 |a [1. vyd. 
264 1 |a Ostrava :  |b Profil,  |c 1968] 
300 |a 1 volume (unpaged :  |b chiefly illustrations) 
336 |a text  |b txt  |2 rdacontent 
337 |a unmediated  |b n  |2 rdamedia 
338 |a volume  |b nc  |2 rdacarrier 
546 |a List of illustrations also in German, English and French. 
651 0 |a Olomouc (Czech Republic)  |v Pictorial works. 
700 1 |a Skácel, Jan,  |e compiler. 
994 |a C0  |b TXA 
948 |a cataloged  |b h  |c 2005/8/22  |d c  |e spoltoratski  |f 1:11:30 pm 
999 |a MARS 
999 f f |s eec6afc7-e0c5-340c-b2f6-8087ad90501e  |i 2b7d1063-2ce5-3ae5-94e2-40526257043d  |t 0 
952 f f |p ric  |a Texas A&M University  |b Rellis Campus  |c Joint Library Facility  |d Remote Storage  |t 0  |e DB2650.O46 G75 1968  |h Library of Congress classification  |i unmediated -- volume  |m A14833103923 
998 f f |a DB2650.O46 G75 1968  |t 0  |l Remote Storage